[Event "Hastings Weekend op-A"]
[Site "Hastings"]
[Date "2024.01.07"]
[Round "4"]
[White "Lock, Gavin R"]
[Black "Kovalskyi, Roman"]
[Result "1-0"]
[WhiteElo "2049"]
[BlackElo "2009"]
[PlyCount "99"]
[EventDate "2024.01.06"]
[EventType "swiss"]
[EventRounds "5"]
[EventCountry "ENG"]
[SourceTitle "CB02_2024"]
[SourceDate "2024.01.10"]
[SourceVersion "1"]
[SourceVersionDate "2024.01.10"]
[SourceQuality "1"]

1. e4 c5 2. Nf3 g6 3. c3 d5 4. exd5 Qxd5 5. d4 Bg7 6. Nbd2 cxd4 7. Bc4 Qd8 8. Nxd4 Nf6 9. 0-0 0-0 10. N2f3 Qc7 11. Qe2 Nc6 12. Nxc6 bxc6 13. Re1 e6 14. Ne5 Nd5 15. Bd2 f6 16. Nd3 Kh8 17. Bb3 a5 18. c4 Ne7 19. Bc3 Nf5 20. Nc5 Re8 21. Rad1 Qa7 22. Ne4 e5 23. Ba4 Bd7 24. Nd6 Re6 25. Nxf5 gxf5 26. Qh5 Re7 27. b3 Qc5 28. Rd3 f4 29. Red1 Be8 30. Rd8 Bf8 31. Qf5 Rxd8 32. Rxd8 Kg7 33. h4 Bg6 34. Qc8 Rf7 35. Qxc6 Qa3 36. Bxa5 Qxa2 37. Rd7 Qb1+ 38. Kh2 Qf5 39. Rxf7+ Bxf7 40. f3 Ba3 41. Qe4 Qh5 42. Be1 Bc5 43. b4 Bd4 44. c5 Bg6 45. Qb7+ Kh6 46. Qe7 Qf5 47. Bd7 Bg1+ 48. Kxg1 Qb1 49. Qf8+ Kh5 50. Bg4# 1-0

[Event "Titled Tuesday intern op 04th Apr Late"]
[Site "Chess.com INT"]
[Date "2023.04.04"]
[Round "6"]
[White "Lock, Gavin R"]
[Black "Bacallao Alonso, Yusnel"]
[Result "0-1"]
[WhiteElo "2083"]
[BlackElo "2590"]
[PlyCount "108"]
[EventDate "2023.04.04"]
[EventType "swiss (blitz)"]
[EventRounds "11"]
[EventCountry "USA"]
[SourceTitle "EXT 2024"]
[Source "ChessBase"]
[SourceDate "2023.10.10"]
[SourceVersion "1"]
[SourceVersionDate "2023.10.10"]
[SourceQuality "1"]

1. e4 c6 2. d4 d5 3. exd5 cxd5 4. Bd3 Nc6 5. c3 Qc7 6. h3 g6 7. Nf3 Bf5 8. 0-0 Nf6 9. Re1 Bxd3 10. Qxd3 Bg7 11. Be3 0-0 12. Nbd2 Rab8 13. a4 e6 14. g3 Rbc8 15. Bf4 Qd8 16. Kg2 Nd7 17. h4 h6 18. Nf1 Nf6 19. Ne5 Nxe5 20. Bxe5 h5 21. Nd2 Ng4 22. Bxg7 Kxg7 23. a5 Qf6 24. Qf3 Qf5 25. Qxf5 gxf5 26. Nb3 Nf6 27. Nc5 Rc7 28. f3 Nd7 29. Nd3 Kh6 30. Kf2 Rg8 31. Ra3 Kg7 32. Rb3 Rgc8 33. Nf4 Nf6 34. Ra1 Kh6 35. Ra4 Ne8 36. Nd3 Nd6 37. Nc5 Re8 38. Rab4 Ree7 39. Ra4 f6 40. Ra1 e5 41. Nd3 f4 42. gxf4 e4 43. Nc5 e3+ 44. Ke2 Nc4 45. Rg1 b6 46. axb6 axb6 47. Nd3 Rg7 48. Rxg7 Rxg7 49. Nb4 Rg2+ 50. Ke1 Rg1+ 51. Ke2 Rg2+ 52. Ke1 Nd2 53. Ra3 Nxf3+ 54. Kf1 Rf2# 0-1

[Event "Titled Tuesday intern op 04th Apr Late"]
[Site "Chess.com INT"]
[Date "2023.04.04"]
[Round "4"]
[White "Lock, Gavin R"]
[Black "Leschinsky, Gary"]
[Result "0-1"]
[WhiteElo "2083"]
[BlackElo "1969"]
[PlyCount "70"]
[EventDate "2023.04.04"]
[EventType "swiss (blitz)"]
[EventRounds "11"]
[EventCountry "USA"]
[SourceTitle "EXT 2024"]
[Source "ChessBase"]
[SourceDate "2023.10.10"]
[SourceVersion "1"]
[SourceVersionDate "2023.10.10"]
[SourceQuality "1"]

1. e4 c6 2. d4 d5 3. exd5 cxd5 4. Bd3 Nc6 5. c3 g6 6. Nf3 Bg7 7. 0-0 Nh6 8. h3 0-0 9. Re1 f6 10. c4 Nf7 11. Nc3 Nb4 12. cxd5 Nxd5 13. Bc4 Nb6 14. Bb3 a5 15. a4 Re8 16. Bf4 e6 17. Qd2 Bd7 18. Rad1 Rc8 19. d5 e5 20. Be3 Nd6 21. Qe2 f5 22. Ng5 Nbc4 23. Bc1 Qf6 24. Ne6 e4 25. f3 exf3 26. Qxf3 Ne5 27. Qg3 Rxc3 28. bxc3 Ne4 29. Rxe4 fxe4 30. Bg5 Qf5 31. Rf1 Nf3+ 32. gxf3 e3 33. Bxe3 Bxc3 34. Bh6 Be5 35. Qg4 Qd3 0-1

[Event "Hastings Weekend op"]
[Site "Hastings"]
[Date "2023.01.07"]
[Round "3"]
[White "Lock, Gavin R"]
[Black "Pal, Rohan"]
[Result "1-0"]
[WhiteElo "2091"]
[BlackElo "1831"]
[PlyCount "55"]
[EventDate "2023.01.07"]
[EventType "swiss"]
[EventRounds "5"]
[EventCountry "ENG"]
[SourceTitle "CBM 212 Extra"]
[Source "ChessBase"]
[SourceDate "2023.03.31"]
[SourceVersion "1"]
[SourceVersionDate "2023.03.31"]
[SourceQuality "1"]

1. d4 Nf6 2. Nf3 e6 3. Bf4 d5 4. e3 Bd6 5. Nbd2 c5 6. c3 Qc7 7. Bxd6 Qxd6 8. Ne5 0-0 9. Bd3 b6 10. f4 Ba6 11. Bc2 Nc6 12. g4 Nd7 13. Nxc6 Qxc6 14. g5 Rac8 15. Rg1 cxd4 16. exd4 f5 17. a4 Qd6 18. Qf3 Rfe8 19. 0-0-0 b5 20. axb5 Bxb5 21. h4 Qa6 22. Rde1 Qa1+ 23. Bb1 Ba4 24. Rg2 Rb8 25. Nf1 Nb6 26. Ne3 Bb3 27. Nc2 Ba2 28. Nxa1 1-0

[Event "Titled Tuesday intern op 19th Apr Late"]
[Site "Chess.com INT"]
[Date "2022.04.19"]
[Round "1"]
[White "Lock, Gavin R"]
[Black "Hnydiuk, Aleksander"]
[Result "0-1"]
[WhiteElo "2099"]
[BlackElo "2394"]
[PlyCount "72"]
[EventDate "2022.04.19"]
[EventType "swiss (blitz)"]
[EventRounds "11"]
[EventCountry "USA"]
[SourceTitle "EXT 2023"]
[Source "ChessBase"]
[SourceDate "2022.10.05"]
[SourceVersion "1"]
[SourceVersionDate "2022.10.05"]
[SourceQuality "1"]

1. d4 Nf6 2. Nf3 g6 3. Nc3 Bg7 4. e4 d5 5. e5 Ne4 6. Bd3 Bf5 7. Nh4 Nxc3 8. bxc3 Bxd3 9. cxd3 e6 10. Nf3 0-0 11. 0-0 c5 12. dxc5 Qa5 13. Qb3 Nd7 14. d4 b6 15. Qb4 Qa6 16. c6 Nb8 17. a4 Nxc6 18. Qb5 Qb7 19. Bd2 Na5 20. Rfb1 Nc4 21. Be1 Rfc8 22. a5 a6 23. Qb3 b5 24. h4 Qc7 25. Qa2 h6 26. Rc1 Bf8 27. Nd2 Nxd2 28. Bxd2 Qc4 29. Qb1 Qe2 30. Ra2 Qg4 31. g3 Qf3 32. Be3 Kg7 33. Qb3 Be7 34. Rac2 g5 35. hxg5 hxg5 36. Rd2 Rh8 0-1

[Event "Titled Tuesday intern op 19th Apr Late"]
[Site "Chess.com INT"]
[Date "2022.04.19"]
[Round "4"]
[White "Lock, Gavin R"]
[Black "Jegorovas, Aleksandras"]
[Result "0-1"]
[WhiteElo "2099"]
[BlackElo "2270"]
[PlyCount "92"]
[EventDate "2022.04.19"]
[EventType "swiss (blitz)"]
[EventRounds "11"]
[EventCountry "USA"]
[SourceTitle "EXT 2023"]
[Source "ChessBase"]
[SourceDate "2022.10.05"]
[SourceVersion "1"]
[SourceVersionDate "2022.10.05"]
[SourceQuality "1"]

1. d4 e6 2. Nf3 Nf6 3. Bf4 c5 4. c3 d5 5. e3 Bd6 6. Nbd2 Qc7 7. Bxd6 Qxd6 8. Ne5 Nfd7 9. f4 Nc6 10. Bd3 0-0 11. 0-0 g6 12. Qg4 Kg7 13. h4 Nf6 14. Qf3 h5 15. Qg3 Ne7 16. Rae1 Nf5 17. Qf2 c4 18. Bc2 b5 19. e4 dxe4 20. Nxe4 Nxe4 21. Bxe4 Rb8 22. g3 Bb7 23. Bxb7 Rxb7 24. Qf3 Rb6 25. Rd1 Rd8 26. Rf2 Qd5 27. Qxd5 exd5 28. Rf3 f6 29. g4 fxe5 30. gxf5 e4 31. Rg3 Rf8 32. fxg6 Rxg6 33. Rxg6+ Kxg6 34. Rf1 Kf5 35. Kg2 Kg4 36. b3 Rxf4 37. Rb1 e3 38. bxc4 bxc4 39. Rb7 Rf2+ 40. Kg1 Rxa2 41. Re7 Kf3 42. Rf7+ Ke4 43. Re7+ Kd3 44. Re5 Ra1+ 45. Kg2 e2 46. Kf2 Rf1+ 0-1

[Event "Titled Tuesday intern op 19th Apr Late"]
[Site "Chess.com INT"]
[Date "2022.04.19"]
[Round "11"]
[White "Vusatiuk, Vladimir"]
[Black "Lock, Gavin R"]
[Result "1-0"]
[WhiteElo "2308"]
[BlackElo "2099"]
[PlyCount "81"]
[EventDate "2022.04.19"]
[EventType "swiss (blitz)"]
[EventRounds "11"]
[EventCountry "USA"]
[SourceTitle "EXT 2023"]
[Source "ChessBase"]
[SourceDate "2022.10.05"]
[SourceVersion "1"]
[SourceVersionDate "2022.10.05"]
[SourceQuality "1"]

1. d4 d5 2. c4 e6 3. Nc3 a6 4. cxd5 exd5 5. Nf3 Nf6 6. Bg5 Be6 7. Bxf6 Qxf6 8. Qb3 Ra7 9. g3 Qd8 10. Bg2 c6 11. 0-0 Be7 12. a4 a5 13. Qc2 0-0 14. Rfe1 Na6 15. e4 Nb4 16. Qe2 dxe4 17. Nxe4 Ra8 18. h4 h6 19. Nc5 Bxc5 20. dxc5 Bd5 21. Rad1 Re8 22. Qf1 Qf6 23. Nd4 Bxg2 24. Kxg2 Rxe1 25. Qxe1 Rd8 26. Nb3 Rxd1 27. Qxd1 Qxb2 28. Qd8+ Kh7 29. Nxa5 Nd5 30. Qd7 Qb4 31. Nxb7 Qxa4 32. Qxf7 Qe4+ 33. Qf3 Qc2 34. Nd6 Kh8 35. Nf7+ Kh7 36. Ne5 Nb4 37. h5 Nd5 38. Nxc6 Qxc5 39. Ne5 Qd6 40. Qf5+ Kh8 41. Nf7+ 1-0

[Event "Titled Tuesday intern op 22nd Feb Late"]
[Site "Chess.com INT"]
[Date "2022.02.22"]
[Round "4"]
[White "Gracia Alvarez, Gerardo Antonio"]
[Black "Lock, Gavin R"]
[Result "1-0"]
[WhiteElo "2237"]
[BlackElo "2116"]
[PlyCount "55"]
[EventDate "2022.02.22"]
[EventType "swiss (blitz)"]
[EventRounds "11"]
[EventCountry "USA"]
[SourceTitle "CBM 207 Extra"]
[Source "ChessBase"]
[SourceDate "2022.05.31"]
[SourceVersion "1"]
[SourceVersionDate "2022.05.31"]
[SourceQuality "1"]

1. c4 e6 2. Nf3 d5 3. b3 d4 4. e3 Nc6 5. g3 e5 6. Bg2 Nf6 7. 0-0 Bc5 8. exd4 Bxd4 9. Nxd4 Qxd4 10. Nc3 Bg4 11. Qc2 0-0 12. Bb2 Qd7 13. Nd5 Nxd5 14. cxd5 Nd4 15. Qe4 f5 16. Qxe5 Ne2+ 17. Kh1 Rae8 18. f4 Rxe5 19. fxe5 f4 20. e6 Qd6 21. Be4 fxg3 22. Kg2 Nf4+ 23. Kg1 gxh2+ 24. Kh1 Bh3 25. Rf2 Ng6 26. Rxh2 Bf5 27. Bf3 Qg3 28. Bg2 1-0

[Event "Titled Tuesday intern op 22nd Feb Late"]
[Site "Chess.com INT"]
[Date "2022.02.22"]
[Round "8"]
[White "Lock, Gavin R"]
[Black "Golubovskis, Maksims"]
[Result "1-0"]
[WhiteElo "2116"]
[BlackElo "2210"]
[PlyCount "27"]
[EventDate "2022.02.22"]
[EventType "swiss (blitz)"]
[EventRounds "11"]
[EventCountry "USA"]
[SourceTitle "CBM 207 Extra"]
[Source "ChessBase"]
[SourceDate "2022.05.31"]
[SourceVersion "1"]
[SourceVersionDate "2022.05.31"]
[SourceQuality "1"]

1. d4 Nf6 2. Nf3 c5 3. d5 g6 4. Nc3 Bg7 5. e4 0-0 6. e5 Ne8 7. h4 e6 8. h5 exd5 9. Nxd5 Nc6 10. hxg6 hxg6 11. Bh6 Nxe5 12. Bxg7 Nxf3+ 13. Qxf3 Nxg7 14. Nf6+ 1-0

[Event "Titled Tuesday intern op 19th Oct"]
[Site "Chess.com INT"]
[Date "2021.10.19"]
[Round "11"]
[White "Lock, Gavin R"]
[Black "Kovacs, Klara"]
[Result "0-1"]
[WhiteElo "2113"]
[BlackElo "2197"]
[PlyCount "88"]
[EventDate "2021.10.19"]
[EventType "swiss (blitz)"]
[EventRounds "11"]
[EventCountry "USA"]
[SourceTitle "CBM 204 Extra"]
[Source "ChessBase"]
[SourceDate "2021.11.30"]
[SourceVersion "1"]
[SourceVersionDate "2021.11.30"]
[SourceQuality "1"]

1. d4 e6 2. Nf3 Nf6 3. g3 c5 4. Bg2 Be7 5. 0-0 cxd4 6. Nxd4 d5 7. c4 dxc4 8. Qa4+ Nbd7 9. Qxc4 0-0 10. Nc3 Nb6 11. Qb3 e5 12. Nf3 Be6 13. Qd1 Qc7 14. Bg5 h6 15. Bxf6 Bxf6 16. Rc1 Rfd8 17. Qc2 Qe7 18. a3 Rac8 19. Qb1 a6 20. Rfd1 Nc4 21. Ne4 Bf5 22. Rxd8+ Qxd8 23. Nxf6+ Qxf6 24. Qa2 Be6 25. Qb1 b5 26. Qe4 Qf5 27. Qb7 Nxb2 28. Rxc8+ Bxc8 29. Qb8 Kh7 30. h4 Qb1+ 31. Kh2 Bf5 32. Qxe5 Bg6 33. h5 Bc2 34. Nd4 Nc4 35. Nxc2 Nxe5 36. Be4+ g6 37. hxg6+ fxg6 38. Ne3 Qxe4 39. Ng2 Qd4 40. e3 Qd2 41. Nf4 Qxf2+ 42. Kh3 Qxe3 43. Kh2 g5 44. Ng6 Ng4+ 0-1

[Event "Titled Tuesday intern op 19th Oct"]
[Site "Chess.com INT"]
[Date "2021.10.19"]
[Round "5"]
[White "Lock, Gavin R"]
[Black "Milchev, Nikolay"]
[Result "0-1"]
[WhiteElo "2113"]
[BlackElo "2408"]
[PlyCount "106"]
[EventDate "2021.10.19"]
[EventType "swiss (blitz)"]
[EventRounds "11"]
[EventCountry "USA"]
[SourceTitle "CBM 204 Extra"]
[Source "ChessBase"]
[SourceDate "2021.11.30"]
[SourceVersion "1"]
[SourceVersionDate "2021.11.30"]
[SourceQuality "1"]

1. d4 Nf6 2. Bf4 c5 3. e3 Qb6 4. Nc3 a6 5. a3 cxd4 6. exd4 d5 7. Nf3 Bg4 8. Be2 Nc6 9. 0-0 Bxf3 10. Bxf3 e6 11. Re1 Be7 12. Na4 Qxd4 13. Qxd4 Nxd4 14. Bd1 Rc8 15. c3 Nc6 16. Nb6 Rd8 17. Bc7 Rd7 18. Nxd7 Kxd7 19. Bb6 Rc8 20. Ba4 Ne4 21. Rad1 Nc5 22. Bxc6+ Kxc6 23. Bxc5 Bxc5 24. Kf1 b5 25. Rd3 Rc7 26. Rh3 h6 27. Rg3 g6 28. Ke2 h5 29. Rf3 a5 30. Kd3 a4 31. h3 Kd6 32. g4 hxg4 33. hxg4 e5 34. Rh3 e4+ 35. Ke2 Ke5 36. Rd1 Rd7 37. Rh8 Kf4 38. Rb8 Kxg4 39. Rxb5 Be7 40. Rbxd5 Rb7 41. R1d2 Bg5 42. Rc2 f5 43. Rd4 Ra7 44. f3+ Kf4 45. fxe4 fxe4 46. c4 Bf6 47. Rd6 Ke5 48. Rd5+ Kf4 49. Rd6 Kf5 50. c5 Be5 51. Rd5 Rc7 52. c6 Kf4 53. Rd1 e3 0-1